000 01901nam a2200517 i 4500
001 4273
003 KOSZ 005
005 20201209104630.0
008 970903s1990 pl a f f |000 0 pol
015 _aPB 1990/7921
035 _a991002390419705066
035 _a(PL-WaBN)b10659043-48omnis_nlop
035 _ab10659043
035 _a(OCoLC)749325945
035 _a(PL)b0000001065904
035 _a(EXLNZ-48OMNIS_NETWORK)9910136129905606
040 _aWA N
_cWA N
_dKOSZ 005/EG
041 _apol
080 _a504.05
080 _a543
080 _a(075.8)
245 1 0 _aKontrola chemicznych zanieczyszczeń środowiska :
_bpodstawy teoretyczne z ćwiczeniami laboratoryjnymi /
_cpod red. Rafała Staszewskiego ; [aut.] M[arek] Biziuk [et al.] ; Politechnika Gdańska.
260 _aGdańsk :
_bWydaw. PG,
_c1990.
300 _a214 s. :
_brys., wykr. ;
_c24 cm.
336 _2rdacontent
_aTekst
_bn
337 _2rdamedia
_aBez urządzenia pośredniczącego
_bn
338 _2rdacarrier
_aWolumin
_bnc
380 _aKsiążki
380 _aPublikacje dydaktyczne
385 _mPoziom nauczania
_aSzkoły wyższe
388 _a1901-2000
388 _a1989-2000
504 _aBibliogr. przy ćw.
521 _aSkrypt dla studentów Wydziału Chemicznego oraz dla słuchaczy Studium Podyplomowego.
650 7 _aChemia analityczna
_2DBN
650 7 _aDegradacja środowiska
_2DBN
650 7 _aZanieczyszczenia chemiczne środowiska
_2DBN
655 7 _aPodręczniki akademickie
_2DBN
658 _aOchrona środowiska
700 1 _aStaszewski, Rafał.
_eRedakcja
710 2 _aWydawnictwo Politechniki Gdańskiej
_4pbl
700 1 _aBiziuk, Marek
_d(1947- )
_eAutor
856 _uhttp://koha.tu.koszalin.pl/cgi-bin/koha/opac-detail.pl?biblionumber=4273
_yKatalog online BPK
942 _2UKD
_cKS
999 _c4273
_d4273